01782nam a2200433 i 450000100060000000300080000600500170001400600190003100700150005000800410006502000270010602000180013303500230015103500240017403500250019803500210022304000310024405000230027508000100029808200140030810000270032224501550034926400660050430000510057033600310062133700330065233800480068550000270073358801510076059001590091165000170107065000210108765000500110865000600115865500320121879700190125085600620126999900170133188604FlNmELB20241217171647.0m o d | cr cnu||||||||160824s2015 sp o 001 0 spa d a9788484098058 (e-book) z9788484097952 a(MiAaPQ)EBC4570035 a(Au-PeEL)EBL4570035 a(CaPaEBR)ebr11231192 a(OCoLC)984804167 aFINmELBbspaerdacFINmELB 4aKJE5142bT648 2015 a347.10 a305.32231 aToldra Roca, Dolors.10aAproximaci{acute}on a un diagn{acute}ostico sobre la igualdad de oportunidades en el siglo XXI :bun legado para Cloe y Dalia /cDolors Toldra Roca. 1aL{acute}erida :bEdicions de la Universitat de Lleida,c2015. a1 recurso en l{acute}inea (180 p{acute}aginas) atextobtxt2rdacontent/spa acomputadorabc2rdamedia/spa arecurso en l{acute}ineabcr2rdacarrier/spa aIncluye {acute}indice. aDescripci{acute}on basada en recurso en l{acute}inea; T{acute}itulo de la p{acute}agina del t{acute}itulo en PDF (e-libro, visto August 24, 2016). aRecurso electronico. Santa Fe, Arg. : e-libro, 2016. Disponible via World Wide Web. El acceso puede ser limitado para las bibliotecas afiliadas a e-libro. 0aPrivate law. 4aDerecho privado. 0aGender identityxLaw and legislationzEurope. 4aIdentidad de g{acute}eneroxLegislaci{acute}onzEuropa. 4aLibros electr{acute}onicos.2 ae-libro, Corp.40uhttps://elibro.net/ereader/politecnicointernacional/54743 c88604d88604